El infinito en el pensamiento de la antigüedad clásica

Uloženo v:
Podrobná bibliografie
Hlavní autor: Mondolfo, Rodolfo (autor)
Médium: Kniha
Jazyk:španělština
Vydáno: Buenos Aires Imán 1952
Edice:Panorama de la Filosofía y de la Cultura, 1
Témata:
Tagy: Přidat tag
Žádné tagy, Buďte první, kdo vytvoří štítek k tomuto záznamu!

MARC

LEADER 00000nam a2200000 a 4500
001 UCZ4783
003 CL-VaPUC
008 951110e19520000AG |||||||||||||||||spa|d
082 0 4 |a 182  |b MON  |2 21 
100 |a Mondolfo, Rodolfo  |e autor  |9 339183 
245 1 3 |a El infinito en el pensamiento de la antigüedad clásica 
300 |a 600 p 
942 |c BK 
945 |d 19951110 00:00:00  |a lriquelm 
260 |a Buenos Aires  |b Imán  |c 1952 
650 0 |a Filosofía antigua   |9 255705 
650 0 |a Filosofía griega  |9 265579 
650 0 |a Escuelas filosóficas   |9 266232 
650 0 |a Ideologías  |9 255200 
650 0 |a Historia  |9 255047 
583 |a last modification  |c 19951110 00:00:00  |k Rodrigo Vera 
490 0 |a Panorama de la Filosofía y de la Cultura, 1 
999 |c 241148  |d 241146 
952 |0 0  |1 0  |4 0  |6 182_000000000000000_MON_1952  |7 0  |8 P  |9 253315  |a BIBEDU  |b BIBEDU  |c BIBEDU_PB  |d 2019-11-19  |i 1599534  |o 182 MON 1952  |p 1599534  |r 2024-01-25  |w 2019-11-19  |y BK  |k FIL